Công tác nghiên cứu lý luận với thực trạng của sân khấu truyền thống /
Đã lưu trong:
| Tác giả chính: | |
|---|---|
| Định dạng: | Bài viết |
| Ngôn ngữ: | Vietnamese |
| Những chủ đề: | |
| Các nhãn: |
Thêm thẻ
Không có thẻ, Là người đầu tiên thẻ bản ghi này!
|
| Thư viện lưu trữ: | Thư viện Trường Đại học Đà Lạt |
|---|
| LEADER | 00775nam a2200253 4500 | ||
|---|---|---|---|
| 001 | DLU090100645 | ||
| 005 | ##20091202 | ||
| 040 | # | # | |a DLU |b vie |
| 041 | # | # | |a vie |
| 044 | # | # | |a vn |
| 100 | # | # | |a Hoàng Chương. |
| 245 | # | # | |a Công tác nghiên cứu lý luận với thực trạng của sân khấu truyền thống / |c Hoàng Chương. |
| 653 | # | # | |a Nghiên cứu nghệ thuật |
| 653 | # | # | |a Sân khấu truyền thống |
| 773 | # | # | |t Văn hoá Nghệ thuật |g Số 1, 1991, tr. 71-71 |
| 920 | # | # | |a Phòng Tạp chí -- Trung tâm Thông tin - Thư viện Trường Đại học Đà Lạt |
| 994 | # | # | |a DLU |
| 900 | # | # | |a True |
| 911 | # | # | |a Đào Thị Thu Huyền |
| 925 | # | # | |a G |
| 926 | # | # | |a A |
| 927 | # | # | |a BB |
| 980 | # | # | |a Thư viện Trường Đại học Đà Lạt |